Заряд металлических наночастиц, как фактор антимикробной активности; Перспективные материалы с иерархической структурой для новых технологий и надежных конструкций

書誌詳細
Parent link:Перспективные материалы с иерархической структурой для новых технологий и надежных конструкций.— 2016.— [С. 169]
第一著者: Ложкомоев А. С. Александр Сергеевич
団体著者: Национальный исследовательский Томский политехнический университет (ТПУ) Институт физики высоких технологий (ИФВТ) Кафедра физики высоких технологий в машиностроении (ФВТМ) Сетевая научно-образовательная лаборатория "Медицинское материаловедение" (СНОЛ ММ)
その他の著者: Казанцев С. О. Сергей Олегович
要約:Заглавие с экрана
言語:ロシア語
出版事項: 2016
シリーズ:Научные основы разработки материалов с многоуровневой иерархической структурой, в том числе для экстремальных условий эксплуатации
主題:
オンライン・アクセス:http://www.ispms.ru/files/Conference/2016/Sbornik_1.pdf#page=169
フォーマット: 電子媒体 図書の章
KOHA link:https://koha.lib.tpu.ru/cgi-bin/koha/opac-detail.pl?biblionumber=651052

MARC

LEADER 00000nla2a2200000 4500
001 651052
005 20250821114730.0
035 |a (RuTPU)RU\TPU\network\16301 
035 |a RU\TPU\network\16296 
090 |a 651052 
100 |a 20161031d2016 k y0rusy50 ca 
101 0 |a rus 
102 |a RU 
105 |a a z 101zy 
135 |a drgn ---uucaa 
181 0 |a i  
182 0 |a b 
200 1 |a Заряд металлических наночастиц, как фактор антимикробной активности  |f А. С. Ложкомоев, С. О. Казанцев 
203 |a Текст  |c электронный 
225 1 |a Научные основы разработки материалов с многоуровневой иерархической структурой, в том числе для экстремальных условий эксплуатации 
300 |a Заглавие с экрана 
463 1 |0 (RuTPU)RU\TPU\network\16208  |t Перспективные материалы с иерархической структурой для новых технологий и надежных конструкций  |o тезисы докладов Международной конференции, 19-23 сентября 2016 г., Томск  |f Российская академия наук (РАН), Сибирское отделение (СО), Институт физики прочности и материаловедения (ИФПМ)  |v [С. 169]  |d 2016 
610 1 |a электронный ресурс 
610 1 |a труды учёных ТПУ 
610 1 |a металлические наночастицы 
610 1 |a антимикробная активность 
610 1 |a электрический взрыв 
610 1 |a биметаллические наночастицы 
610 1 |a антимикробные свойства 
700 1 |a Ложкомоев  |b А. С.  |c специалист в области медицинских технологий  |c научный сотрудник Томского политехнического университета  |f 1982-  |g Александр Сергеевич  |3 (RuTPU)RU\TPU\pers\34704  |9 18054 
701 1 |a Казанцев  |b С. О.  |c специалист в области материаловедения  |c инженер Томского политехнического университета  |f 1991-  |g Сергей Олегович  |3 (RuTPU)RU\TPU\pers\35760 
712 0 2 |a Национальный исследовательский Томский политехнический университет (ТПУ)  |b Институт физики высоких технологий (ИФВТ)  |b Кафедра физики высоких технологий в машиностроении (ФВТМ)  |b Сетевая научно-образовательная лаборатория "Медицинское материаловедение" (СНОЛ ММ)  |3 (RuTPU)RU\TPU\col\21275 
801 1 |a RU  |b 63413507  |c 20101016 
801 2 |a RU  |b 63413507  |c 20161031  |g RCR 
856 4 |u http://www.ispms.ru/files/Conference/2016/Sbornik_1.pdf#page=169 
942 |c CF